| 000 -ლიდერი |
| ფიქსირებული სიგრძის საკონტროლო ველი |
00842nam a2200205Ia 4500 |
| 001 - საკონტროლო ნომერი |
| საკონტროლო ველი |
7464 |
| 003 - საკონტროლო ნომრის იდენტიფიკატორი |
| საკონტროლო ველი |
GE_BSU |
| 005 - ბოლო ოპერაციის თარიღი და დრო |
| საკონტროლო ველი |
20231211155520.0 |
| 008 - ფიქსირებული სიგრძის მონაცემთა ელემენტები - ზოგადი ინფორმაცია |
| ფიქსირებული სიგრძის საკონტროლო ველი |
181216s1962||||ge |||||||||||||| ||geo|| |
| 040 ## - კატალოგიზაციის წყარო |
| Transcribing agency |
GE_BSU |
| 041 ## - ენის კოდი |
| Language code of text/sound track or separate title |
geo |
| 080 ## - უნივერსალური ათობითი კლასიფიკაციის ინდექსი |
| Universal Decimal Classification number |
821.353.1-31+821.353.-32 დ-26 |
| 100 ## - მთავარი ჩანაწერი - პიროვნების სახელი |
| Personal name |
დგებუაძე–ფულარია, ფუცუ |
| 9 (RLIN) |
20637 |
| 245 ## - ცნობა სათაურის შესახებ |
| Title |
თხზულებანი / |
| Statement of responsibility, etc |
ფუცუ დგებუაძე–ფულარია ; რედ. ოთარ ჭურღულია. |
| 264 ## - წარმოების, გამოცემის, დისტრიბუციის და სხვა ცნობები |
| გამოცემის, წარმოების, დისტრიბუციის... ადგილი |
სოხუმი : |
| გამოცემის, წარმოების, დისტრიბუციის... სახელწოდება |
აფხაზსახელგამი, |
| გამოცემის, წარმოების, დისტრიბუციის... თარიღი |
1962. |
| 300 ## - ფიზიკური აღწერა |
| Extent |
538 გვ. : |
| Other physical details |
1 ფოტ. პორტრ. ; |
| Dimensions |
22 სმ. |
| 653 ## - INDEX TERM--UNCONTROLLED |
| Uncontrolled term |
თხზულებანი |
| 700 ## - ADDED ENTRY--PERSONAL NAME |
| Personal name |
ჭურღულია, ოთარ |
| Relator term |
რედაქტორი |
| 9 (RLIN) |
20661 |
| 942 ## - ADDED ENTRY ELEMENTS (KOHA) |
| Koha item type |
წიგნი |
| Source of classification or shelving scheme |
|